Word Ladder: 9/11 Quiz Stats

 Plays Quiz Updated Sep 12, 2017

Also try: Lest We Forget
Challenge
Share
Tweet
Embed
Score 0/10 Timer 02:00
0 Plays Today
Clue Answer % Correct
Stop, drop and ____•ROLL•
96.2%
Not as much as beforeLESS
95.1%
Al Green hit '____ Stay Together'•LET'S•
94.9%
Suspenders alternativeBELT
93.8%
Disorganized heapMESS
93.2%
Go out like the Wicked Witch of the WestMELT
92.8%
Part to playROLE
92.7%
Actor Gibson and director BrooksMELS
91.9%
Olympian sprinter UsainBOLT
89%
Tree trunkBOLE
81.8%

Today's Daily Dose

You're not logged in!

Compare scores with friends on all Sporcle quizzes.
Join for Free
OR
Log In

You Might Also Like...

Show Comments

Extras

Top Quizzes Today


Score Distribution

Your Account Isn't Verified!

In order to create a playlist on Sporcle, you need to verify the email address you used during registration. Go to your Sporcle Settings to finish the process.

Report this User

Report this user for behavior that violates our Community Guidelines.

Details: